Land reform: land settlement and cooperatives Réforme agraire: colonisation et coopératives agricoles = Reforma agraria: colonización y cooperativas

Αποθηκεύτηκε σε:
Λεπτομέρειες βιβλιογραφικής εγγραφής
Συγγραφή απο Οργανισμό/Αρχή: FAO
Μορφή: Βιβλίο
Γλώσσα:Undetermined
Έκδοση: Rome Rural Development Division 2004
Θέματα:
Ετικέτες: Προσθήκη ετικέτας
Δεν υπάρχουν, Καταχωρήστε ετικέτα πρώτοι!
Thư viện lưu trữ: Trung tâm Học liệu Trường Đại học Cần Thơ
LEADER 00609nam a2200193Ia 4500
001 CTU_69589
008 210402s9999 xx 000 0 und d
082 |a 333.31 
082 |b F218 
110 |a FAO 
245 0 |a Land reform: land settlement and cooperatives 
245 0 |b Réforme agraire: colonisation et coopératives agricoles = Reforma agraria: colonización y cooperativas 
245 0 |c FAO 
260 |a Rome 
260 |b Rural Development Division 
260 |c 2004 
650 |a Land reform 
904 |i Trúc Phương, Năm 
980 |a Trung tâm Học liệu Trường Đại học Cần Thơ